Biggest Countries in South America by Area - Sudden Death - Statistics

General Stats
  • This quiz has been taken 67 times
  • The average score is 7 of 8
Answers on the Grid
Answers color-coded by a green-red scale on the quiz's grid according to % correct below.
Brazil
Venezuela
Uruguay
Argentina
Peru
Suriname
Colombia
Guyana
Bolivia
Ecuador
Paraguay
Chile
 
Answer Stats
Answer % Correct
Brazil
100%
Argentina
97%
Colombia
90%
Venezuela
89%
Chile
87%
Bolivia
84%
Peru
84%
Paraguay
56%
No matching quizzes found
Score Distribution
Percent of People with Each Score
Percentile by Number Answered
Your Score History
You have not taken this quiz